000 00662nam a22002057a 4500
999 _c18123
_d18123
003 AR-CdUCM
008 190511b ||||| |||| 00| 0 spa d
040 _aMUNICIPALIDAD PROVINCIAL DEL CUSCO
_cBIBLIOTECA MUNICIPAL DEL CUSCO
082 _a869.25 /
_bP32
100 _aPayro, Roberto Jorge
_922202
245 _aPago chico y nuevos cuentos de pago chico /
260 _aBuenos Aires :
_bLosada,
_c1950.
300 _a197 páginas ;
_c19 cm.
440 _aBiblioteca contemporánea ;
_927761
505 _aContenido: Cuentos argentinos
650 _aCuentos de costumbres
_934
650 _aArgentina
_9511
942 _2ddc
_cLIBROS
945 _aacv
_d2019-05-11